Najwiekszę Miasta w Województwie Wielkopolskim - Statystyki

Ogólne statystyki
  • Ten quiz został rozwiązany 35 razy
  • Średni wynik to 12 z 20
Statystyki odpowiedzi
Populacja Miasto % Poprawnych
536.818 Poznań
100%
63.143 Gniezno
91%
66.606 Konin
91%
68.949 Ostrów Wielkopolski
91%
92.533 Kalisz
83%
69.748 Piła
83%
59.840 Leszno
78%
19.284 Koło
57%
24.333 Środa Wielkopolska
57%
26.253 Jarocin
52%
31.759 Września
52%
19.549 Rawicz
48%
24.315 Turek
48%
28.050 Swarzędz
43%
23.267 Kościan
39%
28.060 Krotoszyn
39%
27.640 Śrem
39%
32.849 Luboń
30%
19.748 Gostyń
26%
25.394 Wągrowiec
17%
Nie znaleziono quizów pasujących do podanych kryteriów
Rozkład punktacji
Procent ludzi z każdym wynikiem
Percentyl według liczby udzielonych odpowiedzi
Twoja historia wyników
Nie rozwiązałeś tego quizu